| 000 | 00844nam a22002297a 4500 | ||
|---|---|---|---|
| 003 | 0 | ||
| 005 | 20250927092608.0 | ||
| 008 | 250927b xxu||||| |||| 00| 0 eng d | ||
| 020 | _a978-1-394-22206-3 | ||
| 050 |
_aHD 69.P75 _b.D56 2025 |
||
| 100 |
_aDionisio, Cynthia Snyder, _eauthor. |
||
| 245 |
_aProject management toolbox : _btools and techniques for the practicing project manager / _cCynthia Snyder Dionisio and Russ J. Martinelli. |
||
| 250 | _aThird edition. | ||
| 260 |
_aHoboken, New Jersey : _bJohn Wiley & Sons, Inc., _c2025. |
||
| 300 |
_axvii, 340 pages : _billustrations ; _c24 cm. |
||
| 504 | _aIncludes bibliographical references and index. | ||
| 650 | _aProject management. | ||
| 650 | _aIndustrial project management. | ||
| 650 |
_aManagement _xTechnique. |
||
| 700 |
_aMartinelli, Russ J., _eauthor. |
||
| 942 |
_2lcc _cBK |
||
| 999 |
_c368127 _d368127 |
||